| 000 | 00782nam a22002297a 4500 | ||
|---|---|---|---|
| 003 | 0 | ||
| 005 | 20250916121114.0 | ||
| 008 | 250916b xxu||||| |||| 00| 0 eng d | ||
| 020 | _a978-1-265-55360-9 | ||
| 050 |
_aHG 4026 _b.R67 2022 |
||
| 100 |
_aRoss, Stephen A., _eauthor. |
||
| 245 |
_aFundamentals of corporate finance / _cStephen A. Ross, Randolph W. Westerfield, and Bradford D. Jordan. |
||
| 250 | _aThirteenth edition. | ||
| 260 |
_aNew York, NY : _bMcGraw Hill LLC, _c2022. |
||
| 300 |
_axlv, various pagination : _billustrations ; _c26 cm. |
||
| 504 | _aIncludes index. | ||
| 650 |
_aCorporations _xFinance. |
||
| 650 |
_aBusiness enterprises _xFinance. |
||
| 700 |
_aWesterfield, Randolph W., _eauthor. |
||
| 700 |
_aJordan, Bradford D., _eauthor. |
||
| 942 |
_2lcc _cBK |
||
| 999 |
_c367986 _d367986 |
||